Condicion social de los moriscos de España (Record no. 156237)
[ view plain ]
| 000 -LEADER | |
|---|---|
| campo de control de longitud fija | 00958nam a2200241 i 4500 |
| 001 - NÚMERO DE CONTROL | |
| campo de control | 156237 |
| 003 - IDENTIFICADOR DE NÚMERO DE CONTROL | |
| campo de control | ES-MaACL |
| 005 - FECHA Y HORA DE LA ÚLTIMA TRANSACCIÓN | |
| campo de control | 20250824063048.0 |
| 008 - DATOS DE LONGITUD FIJA--INFORMACIÓN GENERAL | |
| campo de control de longitud fija | 931025s1857 sp |||| | spa d |
| 040 ## - FUENTE DE CATALOGACIÓN | |
| Centro catalogador/agencia de origen | TG-BE |
| Lengua de catalogación | spa |
| Centro/agencia transcriptor | PAB |
| 080 ## - NÚMERO DE LA CLASIFICACIÓN DECIMAL UNIVERSAL | |
| Número de la Clasificación Decimal Universal | 94(=411.21:460)"14/16" |
| 100 1# - ENTRADA PRINCIPAL--NOMBRE DE PERSONA | |
| Nombre de persona | Janer, Florencio, |
| Fechas asociadas al nombre | 1831-1877 |
| 9 (RLIN) | 66005 |
| 245 10 - MENCIÓN DEL TÍTULO | |
| Título | Condicion social de los moriscos de España |
| Resto del título | : causas de su expulsion, y consecuencias que esta produjo en el orden económico y político / |
| Mención de responsabilidad, etc. | su autor Florencio Janer. |
| 260 ## - PUBLICACIÓN, DISTRIBUCIÓN, ETC. | |
| Lugar de publicación, distribución, etc. | Madrid : |
| Nombre del editor, distribuidor, etc. | [s.n.], |
| Fecha de publicación, distribución, etc. | 1857 ( |
| Fabricante | Imprenta de la Real Academia de la Historia por los sres. V. Matute y B. Compagni) |
| 300 ## - DESCRIPCIÓN FÍSICA | |
| Extensión | 378 p. ; |
| Dimensiones | 27 cm. |
| 500 ## - NOTA GENERAL | |
| Nota general | Obra premiada por la Real Academia de la Historia. |
| 510 4# - NOTA DE CITAS O REFERENCIAS BIBLIOGRÁFICAS | |
| Nombre de la fuente | Palau, |
| Localización dentro de la fuente | 122948 |
| 597 ## - NOTA DE DESCRIPCIÓN FÍSICA | |
| NOTA DE DESCRIPCIÓN FÍSICA | Antep. |
| 597 ## - NOTA DE DESCRIPCIÓN FÍSICA | |
| NOTA DE DESCRIPCIÓN FÍSICA | Port. con esc. real. |
| 650 #4 - PUNTO DE ACCESO ADICIONAL DE MATERIA--TÉRMINO DE MATERIA | |
| Término de materia o nombre geográfico como elemento de entrada | Moriscos- |
| Subdivisión general | Historia. |
| 9 (RLIN) | 145057 |
| 852 ## - LOCALIZACIÓN | |
| Ubicación | ES-MaACL |
| Número de control de estantería | F-2085(2) |
| Nota libre | -- Enc. pasta española |
| Estatus retirado | Estado de pérdida | Estado de daño | No para préstamo | Colección | Biblioteca de origen | Biblioteca actual | Ubicación en estantería | Fecha de adquisición | Fuente de adquisición | Total de préstamos | Signatura topográfica completa | Código de barras | Visto por última vez | Precio de reemplazo | Tipo de ítem Koha |
|---|---|---|---|---|---|---|---|---|---|---|---|---|---|---|---|
| Libros del s. XIX | Biblioteca del Ateneo de Madrid | Biblioteca del Ateneo de Madrid | Depósito 2 | 17/01/2008 | F-2085(2) | 1163455 | 23/02/2023 | 23/02/2023 | Libro impreso antiguo |
